000 00251nam a2200097Ia 4500
008 120527s9999 xx 000 0 und d
100 _aOlajire A. A. etal.
245 _aIntroduction organic and inorganic chemistry.
260 _bIgbalaiye
942 _cBK
999 _c15411
_d15411